Human Genetics (Record no. 480026)

000 -LEADER
fixed length control field 00460nam a22001817a 4500
003 - CONTROL NUMBER IDENTIFIER
control field ASAB
005 - DATE AND TIME OF LATEST TRANSACTION
control field 20180827062621.0
008 - FIXED-LENGTH DATA ELEMENTS--GENERAL INFORMATION
fixed length control field 120504t xxu||||| |||| 00| 0 eng d
020 ## - INTERNATIONAL STANDARD BOOK NUMBER
International Standard Book Number 9788130913643
040 ## - CATALOGING SOURCE
Transcribing agency ASAB
050 ## - LIBRARY OF CONGRESS CALL NUMBER
Classification number 573.21, GAR
100 ## - MAIN ENTRY--PERSONAL NAME
Personal name A. Gardner and T. Davies
9 (RLIN) 1586
245 ## - TITLE STATEMENT
Title Human Genetics
Statement of responsibility, etc. A. Gardner and T. Davies
260 ## - PUBLICATION, DISTRIBUTION, ETC.
Place of publication, distribution, etc. New Delhi
Name of publisher, distributor, etc. Viva Books
300 ## - PHYSICAL DESCRIPTION
Extent 328 p.
650 ## - SUBJECT ADDED ENTRY--TOPICAL TERM
Topical term or geographic name entry element Human Genetics
9 (RLIN) 222
942 ## - ADDED ENTRY ELEMENTS (KOHA)
Source of classification or shelving scheme
Koha item type Book
Holdings
Withdrawn status Lost status Source of classification or shelving scheme Damaged status Not for loan Collection code Permanent Location Current Location Date acquired Total Checkouts Full call number Barcode Date last seen Date last checked out Price effective from Koha item type
            Atta-ur-Rahman School of Applied Biosciences (ASAB) Atta-ur-Rahman School of Applied Biosciences (ASAB) 03/08/2016 2 611.01 GAR ASAB1919 04/03/2023 03/01/2023 03/08/2016 Book
© 2023 Central Library, National University of Sciences and Technology. All Rights Reserved.